| 000 | 01070cam a2200301 a 4500 | ||
|---|---|---|---|
| 999 |
_c25469 _d25469 |
||
| 001 | 3922497 | ||
| 003 | BDDh-ASL | ||
| 005 | 20231015030505.0 | ||
| 008 | 920407s1992 nyu b 001 0 eng | ||
| 010 | _a 92013770 | ||
| 020 | _a0898629764 | ||
| 020 | _a0898629810 (pbk.) | ||
| 040 |
_aDLC _cDLC _dDLC _dBDDh-ASL |
||
| 050 | 0 | 0 |
_aHQ1206 _b.O25 1992 |
| 082 | 0 | 0 |
_a158.25 _220 _bOCF |
| 100 | 1 |
_aO'Connor, Pat, _d1950- |
|
| 245 | 1 | 0 |
_aFriendships between women : _ba critical review / _cPat O'Connor. |
| 260 |
_aNew York : _bGuilford Press, _cc1992. |
||
| 300 |
_axii, 228 p. ; _c23 cm. |
||
| 440 | 4 | _aThe Guilford series on personal relationships | |
| 504 | _aIncludes bibliographical references (p. [194]-223) and index. | ||
| 650 | 0 |
_aWomen _xPsychology. |
|
| 650 | 0 |
_aFemale friendship _xSociological aspects. |
|
| 650 | 0 | _aInterpersonal relations. | |
| 906 |
_a7 _bcbc _corignew _d1 _eocip _f19 _gy-gencatlg |
||
| 942 |
_2ddc _cBK |
||